Nanoindentation on coarse-grained (CG) and ultrafine-grained (UFG) C11000 grade copper; AIP Conference Proceedings; Vol. 2167 : Advanced Materials with Hierarchical Structure for New Technologies and Reliable Structures 2019 (AMHS'19)

Dades bibliogràfiques
Parent link:AIP Conference Proceedings
Vol. 2167 : Advanced Materials with Hierarchical Structure for New Technologies and Reliable Structures 2019 (AMHS'19).— 2019.— [020103, 4 p.]
Autor principal: Filippov A. V.
Autor corporatiu: Национальный исследовательский Томский политехнический университет Инженерная школа новых производственных технологий Отделение материаловедения
Altres autors: Tarasov S. Yu. Sergei Yulievich
Sumari:Title screen
The microstructures and nanoindentation characteristics of CG and ECAP UFG C11000 grade copper were investigated. It was found that all indentations demonstrated the presence of pile-ups, whose heights reduced as a function of the ECAP pass number. The pile-up height on the CG sample was less than that of the 1-pass ECAP sample but higher than those of 4- and 12-pass ECAP ones. The maximum hardness and elasticity modulus values were achieved after 12-pass ECAP.
Режим доступа: по договору с организацией-держателем ресурса
Idioma:anglès
Publicat: 2019
Matèries:
Accés en línia:https://doi.org/10.1063/1.5131970
Format: MixedMaterials Electrònic Capítol de llibre
KOHA link:https://koha.lib.tpu.ru/cgi-bin/koha/opac-detail.pl?biblionumber=661486

MARC

LEADER 00000naa2a2200000 4500
001 661486
005 20260209135030.0
035 |a (RuTPU)RU\TPU\network\32097 
035 |a RU\TPU\network\32096 
090 |a 661486 
100 |a 20191227d2019 k||y0rusy50 ba 
101 0 |a eng 
135 |a drcn ---uucaa 
181 0 |a i  
182 0 |a b 
200 1 |a Nanoindentation on coarse-grained (CG) and ultrafine-grained (UFG) C11000 grade copper  |f A. V. Filippov, S. Yu. Tarasov 
203 |a Text  |c electronic 
300 |a Title screen 
320 |a [References: 11 tit.] 
330 |a The microstructures and nanoindentation characteristics of CG and ECAP UFG C11000 grade copper were investigated. It was found that all indentations demonstrated the presence of pile-ups, whose heights reduced as a function of the ECAP pass number. The pile-up height on the CG sample was less than that of the 1-pass ECAP sample but higher than those of 4- and 12-pass ECAP ones. The maximum hardness and elasticity modulus values were achieved after 12-pass ECAP. 
333 |a Режим доступа: по договору с организацией-держателем ресурса 
461 1 |0 (RuTPU)RU\TPU\network\4816  |t AIP Conference Proceedings 
463 1 |0 (RuTPU)RU\TPU\network\31884  |t Vol. 2167 : Advanced Materials with Hierarchical Structure for New Technologies and Reliable Structures 2019 (AMHS'19)  |o Proceedings of the International Conference, 1–5 October 2019, Tomsk, Russia  |f National Research Tomsk Polytechnic University (TPU) ; Institute of Strength Physics and Materials Science SB RAS (Russia) ; eds. V. E. Panin ; S. G. Psakhie ; V. M. Fomin  |v [020103, 4 p.]  |d 2019 
610 1 |a электронный ресурс 
610 1 |a труды учёных ТПУ 
610 1 |a наноиндентирование 
610 1 |a медь 
610 1 |a микроструктуры 
610 1 |a твердость 
610 1 |a упругость 
610 1 |a инденторы 
610 1 |a скопления 
610 1 |a пластические деформации 
700 1 |a Filippov  |b A. V. 
701 1 |a Tarasov  |b S. Yu.  |c specialist in the field of mechanical engineering  |c Professor of Tomsk Polytechnic University, Doctor of technical sciences  |f 1959-  |g Sergei Yulievich  |3 (RuTPU)RU\TPU\pers\31400 
712 0 2 |a Национальный исследовательский Томский политехнический университет  |b Инженерная школа новых производственных технологий  |b Отделение материаловедения  |3 (RuTPU)RU\TPU\col\23508 
801 2 |a RU  |b 63413507  |c 20200528  |g RCR 
856 4 |u https://doi.org/10.1063/1.5131970 
942 |c CF